Liedtext - St. Pauli - Jan Delay - Statistiken

Allgemein
  • Dieses Quiz wurde 84 mal gespielt
  • Das Durchschnittsergebnis liegt bei 100 aus 174
Antwortstatistiken
Textquiz % Korrekt
St
95%
n
94%
Pauli
94%
Da
91%
ist
86%
noch
85%
Auf
83%
nicht
83%
Wir
83%
wir
83%
Licht
82%
brennt
78%
lange
78%
Und
77%
und
77%
Schicht
75%
zu
72%
Denn
71%
denn
71%
Ham
69%
im
68%
Die
66%
die
66%
das
62%
es
62%
ja
62%
Tanzen
62%
Alle
60%
Großen
60%
uns
60%
Ganzen
58%
du
57%
zum
57%
dass
55%
an
52%
gehen
52%
wer
52%
allen
49%
aus
49%
der
49%
Grund
49%
Nacht
49%
Sie
49%
dem
46%
Doch
45%
Oh
45%
hier
43%
komm
43%
schon
43%
Sendeschluss
43%
nähern
42%
wenn
42%
bis
40%
Lichter
40%
jung
38%
muss
38%
sagt
38%
wo
38%
Also
37%
enden
37%
nur
37%
aber
35%
kein
35%
Träume
35%
um
35%
Um
35%
zur
35%
Auge
34%
blaues
34%
Katzensprung
34%
Leben
34%
Rotes
34%
Unterwelt
34%
werden
34%
Liebe
32%
gute
31%
kommen
31%
Schlechte
31%
was
31%
Zähne
31%
Oberweite
29%
Streichelzoo
29%
Euphorie
28%
halt
28%
Laune
28%
löschen
28%
von
26%
Erinnerungen
25%
geboren
25%
tja
25%
weißt
25%
schönsten
23%
zelebrieren
23%
getrieben
22%
hierher
22%
ist‘s
22%
Geschöpfen
20%
Sehnsucht
20%
bezaubernden
18%
Inmitten
17%
willst
15%
erleben
14%
Keine übereinstimmenden Quizze gefunden
Verteilung der Resultate
Anzahl Personen mit jedem Resultat
Perzentil nach korrekt beantworteten Fragen
Ihre Resultats-Entwicklung
Sie haben dieses Quiz noch nicht gespielt